| 000 | 00662nam a2200253Ia 4500 | ||
|---|---|---|---|
| 003 | OSt | ||
| 005 | 20221005101402.0 | ||
| 006 | a|||||r|||| 00| 0 | ||
| 007 | ta | ||
| 008 | 221004b |||||||| |||| 00| 0 tam d | ||
| 020 | _c45 | ||
| 024 | _a63607 | ||
| 037 | _cTextual | ||
| 040 |
_aCRL _cCRL _btam |
||
| 041 |
_2tam _atam |
||
| 082 | _aJ3, 31N8 | ||
| 100 |
_aKiruttinan Pe. Au. _9622139 |
||
| 245 | 0 | _aIyarkai Unavum Iniya Vaazhvum | |
| 260 |
_aThiruthani _bAnbarasu Pathippagam India _c1998 |
||
| 300 |
_a180p. _ccm. |
||
| 650 | _aAGRICULTURE | ||
| 942 |
_hJ3, 31N8 _cTEXL _2cc |
||
| 999 |
_c1006700 _d1006700 |
||